000
00204nam a2200085Ia 4500
008
120527s9999 xx 000 0 und d
100
_a
Fein & kassing
245
_a
Readings in social psychology
942
_c
BK
999
_c
27498
_d
27498